000 02104nam0a2200385 4500
001 RU\NLR\BIBL_A\022552680
005 20260420045056.0
010 _a978-5-00255-073-9
_930
021 _aRU
_bКН-П-25-016795
_9КН-П-25-1702
035 _a(NLR Aleph) 022552680
090 _a13673651
_c13673651
100 _a20250528d2025 u y0rusy50 ca
101 0 _arus
102 _aRU
105 _aa j 000yy
181 0 _ai3
_baxxe
182 0 _an
200 1 _aПсихологическая помощь в диалоге культур
_eметодическое пособие по психологическому сопровождению студентов в поликультурной образовательной среде
_fС. В. Гани, Л. П. Малазония, Т. Н. Банщикова [и др.]
_gпод ред. Т. Н. Банщиковой, Д. С. Приходько
203 _aТекст
_bвизуальный
_cнепосредственный
210 _aМосква
_cЗнание-М
_d2025
215 _a155 с.
_cил., табл.
_d21
300 _aНа 154-155-й с. авт.: С. В. Гани, канд. психол. наук, Л. П. Малазония, нейропсихолог, Т. Н. Банщикова, канд. психол. наук, доц. [и др.]
300 _aАвт. указаны на обороте тит. с.
320 _aБиблиогр. в конце гл.
606 1 _aОбразовательные учреждения
_jМетодические пособия
_xПсихологическая служба
_92372379
_3RU\NLR\AUTH\661415978
686 1 _aЮ984.92я7
686 1 _aЮ940я7
701 1 _aГани
_bС. В.
_gСветлана Вячеславовна
701 1 _aМалазония
_bЛ. П.
_gЛевани Паатаевич
701 1 _aБанщикова
_bТ. Н.
_gТатьяна Николаевна
702 1 _aБанщикова
_bТ. Н.
_gТатьяна Николаевна
_4340
942 _cBOOK
980 _aNB